Score 0/19 Timer 02:00
0 Plays Today
Clue 4-Letter Word % Correct
Grains at the beachSAND
97.8%
Summer precipitationRAIN
97.3%
HairlessBALD
97.2%
Gemless wedding ringBAND
95.8%
Darken a fontBOLD
93.9%
SpokenSAID
93.1%
Shut a door loudlySLAM
91.8%
Insecticide brandRAID
90.7%
Winter precipitationSNOW
89.5%
Type of shellfish often friedCLAM
84.8%
Clue 4-Letter Word % Correct
Parka or anorak, e.g.COAT
83.5%
Indianapolis footballerCOLT
77.6%
'Funky ___ Medina' by Tone LōcCOLD
77.4%
An informal conversationCHAT
75.8%
Covered in clothingCLAD
68.2%
Its capital is at N'DjamenaCHAD
66.8%
To kiss, to a BritSNOG
62.6%
The non-metallic remnants of smeltingSLAG
50.9%
Plod heavily or work hardSLOG
48.6%

Today's Daily Dose

Missing Word
I Hardly Know Her!

Word Ladder
Sentence Ending

Quick Pick
Female Firsts

Get the Picture
Triathlon Sports

Remove Ads.
Support Sporcle.
Get the best of Sporcle when you Go Orange. This ad-free experience offers more features, more stats, and more fun while also helping to support Sporcle. Thank you for becoming a member.

You're not logged in!

Compare scores with friends on all Sporcle quizzes.
OR
Log In

Show Comments

Extras

Top Quizzes Today


Score Distribution

Your Account Isn't Verified!

In order to create a playlist on Sporcle, you need to verify the email address you used during registration. Go to your Sporcle Settings to finish the process.

Report this User

Report this user for behavior that violates our Community Guidelines.

Details: